UBT Library

Clinical microbiology made ridiculously simple: (Record no. 2346)

000 -LEADER
fixed length control field 00330nam a22001217a 4500
008 - FIXED-LENGTH DATA ELEMENTS--GENERAL INFORMATION
fixed length control field 160521b xxu||||| |||| 00| 0 eng d
020 ## - INTERNATIONAL STANDARD BOOK NUMBER
International Standard Book Number 9780940780491
020 ## - INTERNATIONAL STANDARD BOOK NUMBER
International Standard Book Number 0940780496
041 ## - LANGUAGE CODE
Language code of text/sound track or separate title eng
080 ## - UNIVERSAL DECIMAL CLASSIFICATION NUMBER
Universal Decimal Classification number 579
245 ## - TITLE STATEMENT
Title Clinical microbiology made ridiculously simple:
Statement of responsibility, etc Mark Gladwin M.D; Bill Trattler M.D;
942 ## - ADDED ENTRY ELEMENTS (KOHA)
Source of classification or shelving scheme
Item type Books
Holdings
Withdrawn status Lost status Source of classification or shelving scheme Damaged status Not for loan Collection code Permanent location Current location Shelving location Date acquired Total Checkouts Full call number Barcode Date last seen Price effective from Koha item type
          Koleksioni i përgjithshem UBT - Lipjan UBT - Lipjan Koleksioni i përgjithshem 05/21/2016   579 GLA 002-035697 05/21/2016 05/21/2016 Books
UBT Library © 2015-2024. All rights reserved University Education for Business and Technology